000
00294nam a22001337a 4500
008
171123b xxu||||| |||| 00| 0 eng d
020
_a
9780764547874
041
_a
eng
080
_a
004
100
_a
27
101
_a
SHK
245
_a
JSP SERVLEST AND MYSQL
_c
DAVID.H
942
_2
udc
_c
BK
999
_c
38343
_d
38343